000 00554nam a22002177a 4500
003 UA-OsUOA
001 92950
007 ta
008 20130103b un ||||| |||| 00| 0 ukr d
090 _a821.161.1
_bП42
942 _cBK
040 _aUA-OsUOA
_brus
_cUA-OsUOA
_dUA-OsUOA
245 _aПовести и рассказы
300 _a604 с.
955 _a3
041 _arus
080 _a821.161.1
260 _aМ.
_bПрогресс
_c1979
650 7 _a82 Література. Літературознавство
_2UDC
999 _c378888
_d378888